The human body : (Record no. 6347)

MARC details
000 -LEADER
fixed length control field 00875nam a22002537a 4500
001 - CONTROL NUMBER
control field 6347
003 - CONTROL NUMBER IDENTIFIER
control field FISKH
005 - DATE AND TIME OF LATEST TRANSACTION
control field 20250423104152.0
008 - FIXED-LENGTH DATA ELEMENTS--GENERAL INFORMATION
fixed length control field 250423b cb ||||| |||| 00| 0 eng d
020 ## - INTERNATIONAL STANDARD BOOK NUMBER
International Standard Book Number 9781842367650
040 ## - CATALOGING SOURCE
Original cataloging agency FISKH
Language of cataloging eng
Transcribing agency FISKH
Modifying agency FISKH
050 ## - LIBRARY OF CONGRESS CALL NUMBER
Classification number QP37 .P285
082 ## - DEWEY DECIMAL CLASSIFICATION NUMBER
Classification number 612
100 ## - MAIN ENTRY--PERSONAL NAME
Personal name Parker, Steve
245 ## - TITLE STATEMENT
Title The human body :
Remainder of title Projects, quizzes, fun facts, cartoons /
Statement of responsibility, etc. Steve Parker ; Consultant : Dr. Kristina Routh MB Chb
260 ## - PUBLICATION, DISTRIBUTION, ETC.
Place of publication, distribution, etc. San Diego :
Name of publisher, distributor, etc. Miles Kelly Publishing,
Date of publication, distribution, etc. 2003.
300 ## - PHYSICAL DESCRIPTION
Extent 48 pages :
Other physical details color illustrations ;
Dimensions 30 cm
490 ## - SERIES STATEMENT
Series statement 100 facts
520 ## - SUMMARY, ETC.
Summary, etc. Provides one hundred facts about the systems of the human body, and includes illustrations, cartoons, and quizzes.
650 ## - SUBJECT ADDED ENTRY--TOPICAL TERM
Topical term or geographic name entry element Human Body
Form subdivision Balance Coordination
700 ## - ADDED ENTRY--PERSONAL NAME
Personal name Routh, Kristina
Relator term Consultor
942 ## - ADDED ENTRY ELEMENTS (KOHA)
Source of classification or shelving scheme Dewey Decimal Classification
Koha item type Books
Suppress in OPAC No
Holdings
Withdrawn status Lost status Source of classification or shelving scheme Damaged status Not for loan Collection Home library Current library Shelving location Date acquired Total Checkouts Full call number Barcode Date last seen Copy number Price effective from Koha item type
    Dewey Decimal Classification     Non-Fiction Footprints International School Library Network Toul Kork Campus Footprints International School Library Network Toul Kork Campus A TK Campus, 4th Floor, Room B401, Non-Fiction Bookcases(7-8) 04/23/2025   PAR 612 QP37 .P285 2025-1088 04/23/2025 1 04/23/2025 Books